|
|
|
|
| LEADER |
00000cam a2200000 7i4500 |
| 001 |
0000027484 |
| 005 |
20170417.0 |
| 008 |
170323 -uka eng |
| 020 |
|
|
|a 000636795X
|
| 040 |
|
|
|a INS
|b eng
|e rda
|
| 090 |
0 |
0 |
|a BF176
|b N73 1984
|
| 100 |
1 |
|
|a Nathenson, Michael ,
|e author
|
| 245 |
1 |
4 |
|a The Book of Tests
|c Michael Nathenson
|
| 264 |
|
1 |
|a London :
|b Fontana Paperbakcs
|c 1984
|
| 300 |
|
|
|a 416 pages :
|b illustration ;
|c 20 cm.
|
| 336 |
|
|
|a text
|2 rdacontent
|
| 337 |
|
|
|a unmediated
|2 rdamedia
|
| 338 |
|
|
|a volume
|2 rdacarrier
|
| 650 |
|
0 |
|a Psychological tests
|
| 999 |
|
|
|a 0000023200
|b BOOK
|c Open Shelf
|e Default branch
|